Statistiques concernant Les "villes aux cent clochers"

Cliquez ici pour prendre le quiz!

Statistiques générales

  • Ce quiz a été pris 53 fois
  • Le résultat moyen est 5 sur 11

Statistiques - réponses

PaysVille% Correct
République tchèquePrague
87%
CanadaMontréal
71%
FranceRouen
71%
SlovaquieBratislava
69%
FranceReims
54%
BelgiqueLiège
52%
FranceCaen
44%
FranceDijon
38%
FrancePoitiers
29%
FranceTroyes
17%
FranceArras
12%

Distribution des résultats

Percentile par nombre de réponses

% des personnes avec chaque résultat

Votre développement - résultats

Vous n’avez pas pris ce quiz